Estados contables en moneda homógenea (Registro nro. 11463)

Detalles MARC
000 -LEADER
fixed length control field 00307 a2200109 4500
001 - CONTROL NUMBER
control field ART_6645
005 - DATE AND TIME OF LATEST TRANSACTION
control field 20260410161620.0
008 - FIXED-LENGTH DATA ELEMENTS--GENERAL INFORMATION
fixed length control field 260409a
100 1# - MAIN ENTRY--PERSONAL NAME
Personal name Slosse, Carlos Alberto
245 10 - TITLE STATEMENT
Title Estados contables en moneda homógenea
773 0# - HOST ITEM ENTRY
Title Enfoques
Related parts - Nº 10 (oct. 2009)
Record control number REV416

No hay ítems disponibles.